TENWEK HOSP HOME | SOC  | ASK A LIBRARIANSTAFF LOGIN  |  DIGITAL REPOSITORYe-BOOK PORTAL  |  OFF-CAMPUS PORTAL  |  DONATE

Guide to diagnostic testing / (Record no. 2317)

MARC details
000 -LEADER
fixed length control field 01298cam a22003494a 4500
001 - CONTROL NUMBER
control field 12695899
003 - CONTROL NUMBER IDENTIFIER
control field Ke-BoTe
005 - DATE AND TIME OF LATEST TRANSACTION
control field 20220509122607.0
008 - FIXED-LENGTH DATA ELEMENTS--GENERAL INFORMATION
fixed length control field 020308s2002 paua bf 001 0 eng
010 ## - LIBRARY OF CONGRESS CONTROL NUMBER
LC control number 2002016203
020 ## - INTERNATIONAL STANDARD BOOK NUMBER
International Standard Book Number 0683307258
035 ## - SYSTEM CONTROL NUMBER
System control number (DNLM)101140315
040 ## - CATALOGING SOURCE
Original cataloging agency DNLM/DLC
Transcribing agency DLC
Modifying agency DLC
042 ## - AUTHENTICATION CODE
Authentication code pcc
050 00 - LIBRARY OF CONGRESS CALL NUMBER
Classification number RC71
Item number .G86 2002
060 10 - NATIONAL LIBRARY OF MEDICINE CALL NUMBER
Classification number WB 141
Item number G9455 2002
082 00 - DEWEY DECIMAL CLASSIFICATION NUMBER
Classification number 616.07/5
Edition number 21
245 00 - TITLE STATEMENT
Title Guide to diagnostic testing /
Statement of responsibility, etc. [edited by] Fauzia Khan ... [et al.].
260 ## - PUBLICATION, DISTRIBUTION, ETC.
Place of publication, distribution, etc. Philadelphia :
Name of publisher, distributor, etc. Lippincott Williams & Wilkins,
Date of publication, distribution, etc. c2002.
300 ## - PHYSICAL DESCRIPTION
Extent xxii, 537 p. :
Other physical details ill. ;
Dimensions 22 cm.
504 ## - BIBLIOGRAPHY, ETC. NOTE
Bibliography, etc. note Includes bibliographical references and index.
650 #0 - SUBJECT ADDED ENTRY--TOPICAL TERM
Topical term or geographic name entry element Diagnosis
Form subdivision Handbooks, manuals, etc.
9 (RLIN) 4590
650 #0 - SUBJECT ADDED ENTRY--TOPICAL TERM
Topical term or geographic name entry element Diagnosis, Laboratory
Form subdivision Handbooks, manuals, etc.
9 (RLIN) 4433
650 12 - SUBJECT ADDED ENTRY--TOPICAL TERM
Topical term or geographic name entry element Diagnostic Techniques and Procedures.
9 (RLIN) 4464
650 22 - SUBJECT ADDED ENTRY--TOPICAL TERM
Topical term or geographic name entry element Medical History Taking.
9 (RLIN) 3199
650 22 - SUBJECT ADDED ENTRY--TOPICAL TERM
Topical term or geographic name entry element Physical Examination
General subdivision methods.
9 (RLIN) 4410
700 1# - ADDED ENTRY--PERSONAL NAME
Personal name Khan, Fauzia,
Dates associated with a name 1964-
9 (RLIN) 4591
856 42 - ELECTRONIC LOCATION AND ACCESS
Materials specified Publisher description
Uniform Resource Identifier <a href="http://www.loc.gov/catdir/enhancements/fy0711/2002016203-d.html">http://www.loc.gov/catdir/enhancements/fy0711/2002016203-d.html</a>
906 ## - LOCAL DATA ELEMENT F, LDF (RLIN)
a 7
b cbc
c orignew
d 1
e ocip
f 20
g y-gencatlg
942 ## - ADDED ENTRY ELEMENTS (KOHA)
Source of classification or shelving scheme Library of Congress Classification
Koha item type Books
Suppress in OPAC No
Holdings
Withdrawn status Lost status Source of classification or shelving scheme Damaged status Not for loan Collection code Home library Current library Shelving location Date acquired Total Checkouts Full call number Barcode Date last seen Price effective from Koha item type
    Library of Congress Classification     Non-fiction SCHOOL OF HEALTH SCIENCES SCHOOL OF HEALTH SCIENCES General Stacks 09.05.2022   RC71.G86 2002 00000966 09.05.2022 09.05.2022 Books